Stacje pociągu "Rybak" - Statystyki

Ogólne statystyki
  • Ten quiz został rozwiązany 65 razy
  • Średni wynik to 27 z 36
Statystyki odpowiedzi
nr Stacja % Poprawnych
19 Gdańsk Główny
93%
1 Szczecin Główny
93%
36 Białystok
91%
9 Koszalin
91%
17 Gdańsk Oliwa
89%
18 Gdańsk Wrzeszcz
89%
15 Gdynia Główna
89%
26 Olsztyn Główny
89%
20 Tczew
89%
31 Ełk
88%
11 Słupsk
88%
16 Sopot
88%
21 Malbork
86%
14 Rumia
86%
2 Szczecin Dąbie
86%
12 Lębork
84%
13 Wejherowo
84%
3 Stargard
81%
22 Elbląg
79%
10 Sławno
79%
8 Białogard
74%
25 Olsztyn Zachodni
68%
23 Pasłęk
68%
24 Morąg
65%
27 Szczytno
65%
6 Łobez
63%
34 Mońki
63%
29 Pisz
63%
7 Świdwin
60%
32 Grajewo
58%
35 Białystok Zielone Wzgórza
56%
28 Ruciane- Nida
56%
5 Runowo Pomorskie
53%
4 Chociwel
49%
30 Biała Piska
47%
33 Osowiec
37%
Nie znaleziono quizów pasujących do podanych kryteriów
Rozkład punktacji
Procent ludzi z każdym wynikiem
Percentyl według liczby udzielonych odpowiedzi
Twoja historia wyników
Nie rozwiązałeś tego quizu